000 00781nam a2200229 a 4500
001 000044264
005 20240412074303.0
008 140611s2001 dr 000 j spa d
020 _a9993473022
040 _aDO-SdBNP
_bspa
_cBNPHU
082 _aRD863.44
_bB511r
100 1 _aBerigüete, Marino,
_d1962-
_916526
245 1 0 _aRetrato de la madre y otros cuentos /
_cMarino Berigüete.
260 _aSanto Domingo :
_bDe Colores,
_c2001.
300 _a126 p. ;
_c21 cm.
500 _aLa biblioteca posee 1 ejemplar autográfiado por el autor
500 _aIncluye datos biográficos en la solapa de la cubierta
590 _aInventariado, 2020/MFF
650 0 _aCuentos dominicanos
_9176
650 0 _aLiteratura dominicana.
_967
910 _aValidado. Control de calidad MFF
999 _c43753
_d43753